La República o el estado

Saved in:
Bibliografiske detaljer
Hovedforfatter: Platón (Author)
Format: Bog
Sprog:spansk
Udgivet: Barcelona Iberia 1959
Udgivelse:3a. ed
Serier:Obras Maestras
Fag:
Tags: Tilføj Tag
Ingen Tags, Vær først til at tagge denne postø!

MARC

LEADER 00000cam a2200000 a 4500
001 UCE8694
003 CL-VaPUC
008 150827e19590000sp |||||||||||||||||spa|d
082 0 4 |a 184  |b PLA  |2 21 
100 0 |a Platón  |e author  |9 222 
245 1 3 |a La República o el estado 
250 |a 3a. ed 
300 |a 384 p 
942 |c BK 
945 |d 20150827 16:13:00  |a dcastane 
260 |a Barcelona  |b Iberia  |c 1959 
650 0 |a Utopías  |9 255961 
650 0 |a Filosofía antigua   |9 255705 
650 0 |a Ciencias Políticas  |9 255201 
583 |a last modification  |c 20150827 16:13:00  |k Rodrigo Vera 
490 0 |a Obras Maestras 
999 |c 360480  |d 360478 
952 |0 0  |1 0  |3 erd  |4 0  |6 184_000000000000000_PLA_1959  |7 0  |8 A  |9 470314  |a BIBHIS  |b BIBHIS  |e Valenzuela Fuenzalida, Alvaro Miguel, 1932-  |i 5203384  |o 184 PLA 1959  |p 5203384  |r 2025-01-20  |w 2019-11-23  |y BK  |z Catalogado en:20150827  |k HIS